Medical nutrition therapy : a case study approach
Zapisane w:
| 1. autor: | |
|---|---|
| Format: | Sách |
| Język: | Undetermined |
| Wydane: |
Cengage
2022
|
| Hasła przedmiotowe: | |
| Etykiety: |
Dodaj etykietę
Nie ma etykietki, Dołącz pierwszą etykiete!
|
| Thư viện lưu trữ: | Trung tâm Thư viện - Trường Đại học Công nghiệp TP. Hồ Chí Minh |
|---|
| LEADER | 00491nam a2200157Ia 4500 | ||
|---|---|---|---|
| 001 | UIH_00095 | ||
| 008 | 230809s9999 xx 000 0 und d | ||
| 082 | |a 615.854 | ||
| 100 | |a Nahikian, Nelms Marcia | ||
| 245 | 0 | |a Medical nutrition therapy : a case study approach | |
| 245 | 0 | |c Nahikian, Nelms Marcia | |
| 260 | |b Cengage | ||
| 260 | |c 2022 | ||
| 650 | |a Diet therapy;Diet therapy; | ||
| 927 | |a Sách | ||
| 980 | |a Trung tâm Thư viện - Trường Đại học Công nghiệp TP. Hồ Chí Minh | ||